000 00814nam a2200205 a 4500
003 0
005 20250516115419.0
008 021127s19uu xx 00 eng d
050 _aPGS RK 305
_b.Um48 2001
100 _aUmali, Johara Yvette M.
245 _aA study on the perceived effect of deep well drinking water on teeth discoloration among children between 10 to 12 years old /
_cJohara Yvette M. Umali.
260 _aLas PiƱas City, Philippines :
_bSouthville International School and Colleges,
_c2001.
300 _a28 pages :
_bcolored illustrations ;
_c28 cm.
504 _aIncludes bibliographical references.
650 _aTeeth
_vDiscoloration.
650 _aDental fluorosis.
650 _aDrinking water
_vHealth aspects.
650 _aWater, Underground
_vHealth aspects.
942 _2lcc
_cPASS
999 _c96566
_d96566